000
00238nam a2200097Ia 4500
001
761662
005
20250826165211.0
008
250824s9999 xx 000 0 und d
245
0
_a
SAFAHAT TAN SEÇMELER
_c
MEHMET AKİF ERSOY
260
_b
BEYAN
999
_c
761662
_d
761662